Marketingový výzkum
Kódex organizácie ESOMAR - Združenie výskumníkov trhu. SIMAR - Združenie agentúr pre výskum trhu a úlohy organizácie. Marketingové firmy, ktoré sú členmi SIMAR-u.
Salvato in:
| Natura: | Capitolo di libro |
|---|---|
| Lingua: | ceco |
| Soggetti: | |
| Tags: |
Nessun Tag, puoi essere il primo ad aggiungerne!!
|
MARC
| LEADER | 00000naa a2200000 4500 | ||
|---|---|---|---|
| 001 | r021538 | ||
| 005 | 20230911123245.0 | ||
| 041 | 0 | |a cze | |
| 044 | |a CZ | ||
| 245 | 1 | 0 | |a Marketingový výzkum |
| 520 | |a Kódex organizácie ESOMAR - Združenie výskumníkov trhu. SIMAR - Združenie agentúr pre výskum trhu a úlohy organizácie. Marketingové firmy, ktoré sú členmi SIMAR-u. | ||
| 610 | 2 | 0 | |a marketing |
| 610 | 2 | 0 | |a výskum trhu |
| 610 | 2 | 0 | |a organizácie obchodné |
| 610 | 2 | 0 | |a SIMAR |
| 610 | 2 | 0 | |a ESOMAR |
| 610 | 2 | 0 | |a analýza trhu |